LEADER 00563nam 2200205zu 450 001 9911061765003321 005 20260204174757.0 035 $a(CKB)45195569300041 035 $a(EXLCZ)9945195569300041 100 $a20260204|2025uuuu || | 101 0 $aita 135 $aur||||||||||| 200 10$aPrincipi di diritto d'autore 210 $cSocietā editrice il Mulino, Spa$d2025 311 08$a88-15-41499-1 700 $aSpedicato$b Giorgio$0788709 906 $aBOOK 912 $a9911061765003321 996 $aPrincipi di diritto d'Autore$91758445 997 $aUNINA